Blasones y linajes de Galicia / (Record no. 49975)

MARC details
000 -LEADER
campo de control de longitud fija 00716nam a2200217 i 4500
001 - NÚMERO DE CONTROL
campo de control 49975
003 - IDENTIFICADOR DE NÚMERO DE CONTROL
campo de control ES-MaACL
005 - FECHA Y HORA DE LA ÚLTIMA TRANSACCIÓN
campo de control 20230906162108.0
007 - CAMPO FIJO DE DESCRIPCIÓN FÍSICA--INFORMACIÓN GENERAL
campo de control de longitud fija t|
008 - DATOS DE LONGITUD FIJA--INFORMACIÓN GENERAL
campo de control de longitud fija 030728s1957 sp ||||1| spa d
100 1# - ENTRADA PRINCIPAL--NOMBRE DE PERSONA
Nombre de persona Crespo Pozo, José-Santiago.
9 (RLIN) 41551
245 10 - MENCIÓN DEL TÍTULO
Título Blasones y linajes de Galicia /
Mención de responsabilidad, etc. por José-Santiago Crespo Pozo.
260 ## - PUBLICACIÓN, DISTRIBUCIÓN, ETC.
Lugar de publicación, distribución, etc. Santiago de Compostela :
Nombre del editor, distribuidor, etc. Bibliófilos Gallegos,
Fecha de publicación, distribución, etc. 1957 (
Lugar de fabricación/manufactura Pontevedra :
Fabricante Ramiro Paz)
300 ## - DESCRIPCIÓN FÍSICA
Extensión 1 t. ;
Dimensiones 30 cm.
490 1# - MENCIÓN DE SERIE
Mención de serie Enciclopedia gallega ;
Designación de volumen o secuencia 2
505 8# - NOTA DE CONTENIDO CON FORMATO
Nota de contenido con formato Contiene: T. I: Heráldica
650 #4 - PUNTO DE ACCESO ADICIONAL DE MATERIA--TÉRMINO DE MATERIA
Término de materia o nombre geográfico como elemento de entrada Heráldica-
Subdivisión geográfica Galicia.
9 (RLIN) 157526
830 0# - PUNTO DE ACCESO ADICIONAL DE SERIE-TÍTULO UNIFORME
Título uniforme Enciclopedia gallega ;
Designación de volumen o secuencia 2
9 (RLIN) 229819
852 ## - LOCALIZACIÓN
Ubicación ES-MaACL
Número de control de estantería P-782
Sublocalización o colección R.41391
Holdings
Estatus retirado Estado de pérdida Estado de daño No para préstamo Biblioteca de origen Biblioteca actual Ubicación en estantería Fecha de adquisición Fuente de adquisición Total de préstamos Signatura topográfica completa Código de barras Visto por última vez Precio de reemplazo Tipo de ítem Koha
        Biblioteca del Ateneo de Madrid Biblioteca del Ateneo de Madrid Depósito 2 17/01/2008     P-782 1052575 23/02/2023 23/02/2023 Libro impreso